Search the Library Catalogue
| 000 -LEADER | |
|---|---|
| fixed length control field | 02507nam a2200169Ia 4500 |
| 008 - FIXED-LENGTH DATA ELEMENTS--GENERAL INFORMATION | |
| fixed length control field | 250721s9999 xx 000 0 und d |
| 020 ## - INTERNATIONAL STANDARD BOOK NUMBER | |
| ISBN | 9780691122328 |
| 082 ## - DEWEY DECIMAL CLASSIFICATION NUMBER | |
| Classification number | 939.43 |
| Item number | BEC |
| 100 ## - MAIN ENTRY--AUTHOR NAME | |
| Personal name | Becker, Lawrence |
| 245 #4 - TITLE STATEMENT | |
| Title | The Arts of Antioch |
| 260 ## - PUBLICATION, DISTRIBUTION, ETC. (IMPRINT) | |
| Name of publisher | Princeton University Press |
| Year of publication | 2005 |
| 300 ## - PHYSICAL DESCRIPTION | |
| Number of Pages | 349 pages |
| 500 ## - GENERAL NOTE | |
| General note | This book features the first comprehensive interdisciplinary study of the mosaics from Antioch, one of the four capitals of the Roman and Early Christian world. A follow-up to the critically acclaimed Antioch: The Lost Ancient City by Christine Kondoleon, this volume includes the latest scholarly and scientific discoveries that grew out of the Antioch exhibition. For the first time, the research of art historians and archaeologists is combined with that of conservators and scientists to shed new light on mosaic and glass workshops. The authors take an in-depth look at the Antioch excavations, which yielded a range of mosaics, sculpture, and glass- and metalwork spanning four centuries. They also explore the development of mosaic conservation in museums since the 1930s. Included are recent findings on mosaic materials, artistic techniques, glassmaking technology, stone quarries, workshops, trade, and patronage. An introduction by the director of the Worcester Art Museum outlines the history of the museum's involvement with the excavations of Antioch, and gives insight into several personalities who were key to the realization of the project. The catalogue section offers detailed information regarding the archaeological context, art historical significance, and technical study of over 150 objects, including the finest group of Roman and Early Byzantine mosaics in North America, and a chronological series of 106 coins from Antioch. With 400 photographs and illustrations, The Arts of Antioch provides a new basis for future scientific and art historical study. The contributors to the book include Paula Artal-Isbrand (Worcester Art Museum), Anna Gonosová (University of California, Irvine), Florent Heintz (Antiquities Department, Sotheby's), Rebecca Molholt (Columbia University), Richard Newman (Museum of Fine Arts, Boston), Antero Tammisto (Institutum Historicum Universitatis Helsingiensis), Cornelius Vermeule III (Museum of Fine Arts, Boston), James A. Welu (Worcester Art Museum), Anne Leinster Windham (Assumption College), and Mark T. Wypyski (Metropolitan Museum of Art). |
| 650 ## - SUBJECT ADDED ENTRY--TOPICAL TERM | |
| Topical Term | Art |
| 942 ## - ADDED ENTRY ELEMENTS (KOHA) | |
| Koha item type | English Books |
| Withdrawn status | Lost status | Damaged status | Not for loan | Home library | Current library | Shelving location | Date acquired | Full call number | Accession Number | Price effective from | Koha item type |
|---|---|---|---|---|---|---|---|---|---|---|---|
| Anna Centenary Library | Anna Centenary Library | 7TH FLOOR, B WING | 21.07.2025 | 939.43 BEC | 168763 | 21.07.2025 | English Books |